[Event "Moscow op-B"]
[Site "Moscow"]
[Date "2009.02.04"]
[Round "5"]
[White "Drogilov, Alexander"]
[Black "Galstyan, Hayk"]
[Result "1-0"]
[WhiteElo "2166"]
[BlackElo "1400"]
[PlyCount "71"]
[EventDate "2009.01.31"]
[EventType "swiss"]
[EventRounds "9"]
[EventCountry "RUS"]
[SourceTitle "EXT 2012"]
[Source "ChessBase"]
[SourceDate "2011.11.24"]
[SourceVersion "1"]
[SourceVersionDate "2011.11.24"]
[SourceQuality "1"]

1. c4 Nf6 2. Nc3 g6 3. Nf3 Bg7 4. d4 0-0 5. Bg5 d6 6. e3 Nbd7 7. Be2 c6 8. 0-0 h6 9. Bh4 Re8 10. h3 e5 11. b4 a5 12. b5 Qe7 13. Re1 e4 14. Nd2 g5 15. Bg3 c5 16. Na4 cxd4 17. exd4 Nh7 18. Bh5 Nhf6 19. Bf3 d5 20. cxd5 Qb4 21. Nxe4 Nxd5 22. Rb1 Qa3 23. Nd6 Rxe1+ 24. Qxe1 N5f6 25. Nc3 a4 26. Nd5 Bf8 27. Ne7+ Bxe7 28. Qxe7 Qxa2 29. Re1 a3 30. d5 Qc2 31. Qxf7+ Kh8 32. Be5 Nxe5 33. Qxf6+ Kg8 34. Qxe5 Bd7 35. Qe7 a2 36. Be4 1-0

[Event "Moscow op-B"]
[Site "Moscow"]
[Date "2009.02.01"]
[Round "2"]
[White "Galstyan, Hayk"]
[Black "Zavialov, Vladimir"]
[Result "0-1"]
[WhiteElo "1400"]
[BlackElo "2157"]
[PlyCount "86"]
[EventDate "2009.01.31"]
[EventType "swiss"]
[EventRounds "9"]
[EventCountry "RUS"]
[SourceTitle "EXT 2012"]
[Source "ChessBase"]
[SourceDate "2011.11.24"]
[SourceVersion "1"]
[SourceVersionDate "2011.11.24"]
[SourceQuality "1"]

1. e4 c5 2. Nf3 Nc6 3. d4 cxd4 4. Nxd4 Nf6 5. Nc3 d6 6. Bg5 e6 7. Be2 Be7 8. Qd2 a6 9. 0-0-0 Bd7 10. f4 Qb6 11. Nb3 0-0-0 12. Kb1 Kb8 13. Rhf1 Qc7 14. f5 Ne5 15. Qd4 Nc6 16. Qg1 Ne5 17. Be3 Nc4 18. Bf2 Rc8 19. Bxc4 Qxc4 20. Nd2 Qc6 21. g4 b5 22. g5 Nh5 23. Rc1 exf5 24. exf5 Ka8 25. Bd4 Rhg8 26. Nb3 Bd8 27. g6 hxg6 28. fxg6 f5 29. Qf2 Nf6 30. Qf4 Re8 31. Bg1 Bb6 32. Bxb6 Qxb6 33. Rfd1 Re5 34. Nd4 Rc4 35. Qf3+ Ka7 36. Nce2 Ng4 37. h4 Re3 38. Qg2 Re4 39. Qg1 Ne5 40. h5 Rh4 41. h6 Rxh6 42. Nc3 Rxg6 43. Qf2 Rg4 0-1